Communications and information systems for battlefield command and control / (Record no. 551619)

000 -LEADER
fixed length control field 00754cam a2200217 a 4500
020 ## - INTERNATIONAL STANDARD BOOK NUMBER
International Standard Book Number 0080362664 :
020 ## - INTERNATIONAL STANDARD BOOK NUMBER
International Standard Book Number 0080362672 (flexicover) :
082 00 - DEWEY DECIMAL CLASSIFICATION NUMBER
Classification number 355.33041
Author Mark RIC
-- D
100 1# - MAIN ENTRY--PERSONAL NAME
Personal name Rice, M. A.
9 (RLIN) 46762
245 10 - TITLE STATEMENT
Title Communications and information systems for battlefield command and control /
Statement of responsibility, etc. M.A. Rice and A.J. Sammes.
250 ## - EDITION STATEMENT
Edition statement 1st ed.
260 ## - PUBLICATION, DISTRIBUTION, ETC.
Place of publication, distribution, etc. London ;
-- Washington :
Name of publisher, distributor, etc. Brassey's,
Date of publication, distribution, etc. 1989.
300 ## - PHYSICAL DESCRIPTION
Extent xxi, 276 p. :
Other physical details ill ;
Dimensions 26 cm.
526 ## - STUDY PROGRAM INFORMATION NOTE
Program name 0
Interest level 0
Reading level 0
Title point value 355_330410000000000_RIC
526 ## - STUDY PROGRAM INFORMATION NOTE
Program name 0
Interest level 0
Reading level 0
Title point value 355_330410000000000_RIC
526 ## - STUDY PROGRAM INFORMATION NOTE
Program name 0
Interest level 0
Reading level 0
Title point value 355_330410000000000_RIC
526 ## - STUDY PROGRAM INFORMATION NOTE
Program name 0
Interest level 0
Reading level 0
Title point value 355_330410000000000_RIC
650 #0 - SUBJECT ADDED ENTRY--TOPICAL TERM
Topical term or geographic name entry element Command and control systems.
9 (RLIN) 47282
700 1# - ADDED ENTRY--PERSONAL NAME
Personal name Sammes, A. J.
9 (RLIN) 46764
942 ## - ADDED ENTRY ELEMENTS (KOHA)
Source of classification or shelving scheme
Koha item type Book
Holdings
Withdrawn status Lost status Source of classification or shelving scheme Damaged status Not for loan Permanent Location Current Location Date acquired Total Checkouts Full call number Barcode Date last seen Price effective from Koha item type
          Military College of Engineering (MCE) Military College of Engineering (MCE) 12/19/2014   355.33041 RIC MCE-44862 12/19/2014 12/19/2014 Book
          Military College of Engineering (MCE) Military College of Engineering (MCE) 12/19/2014   355.33041 RIC MCE-44865 12/19/2014 12/19/2014 Book
          Military College of Engineering (MCE) Military College of Engineering (MCE) 12/19/2014   355.33041 RIC MCE-44863 12/19/2014 12/19/2014 Book
          Military College of Engineering (MCE) Military College of Engineering (MCE) 12/19/2014   355.33041 RIC MCE-44864 12/19/2014 12/19/2014 Book
© 2023 Central Library, National University of Sciences and Technology. All Rights Reserved.